Els Testaments dels comtes de Barcelona i dels reis de la Corona d'Aragó : de Guifré Borrell a Joan II / per Antoni Udina i Abelló de Guifré Borrell a Joan II / per Antoni Udina i Abelló
ISBN:
84-7935-903-X
Descripción Física:
423 p. ; 24 cm
Colección:
Textos i documents ; 33
Otros Autores:
Fundació Noguera
MARC
| LEADER | 00000nam a2200000Ia 4500 | ||
|---|---|---|---|
| 001 | 13550 | ||
| 008 | 160829s2001 xx 000 0 cat d | ||
| 020 | |a 84-7935-903-X | ||
| 080 | |a H-2-124 | ||
| 100 | |a Udina i Abelló, Antoni M. |9 25531 | ||
| 245 | |a Els Testaments dels comtes de Barcelona i dels reis de la Corona d'Aragó : |b de Guifré Borrell a Joan II / per Antoni Udina i Abelló | ||
| 260 | |a Barcelona : |b Fundació Noguera ; Lleida : |b Pagès, |c 2001 | ||
| 300 | |a 423 p. ; |c 24 cm | ||
| 490 | |a Textos i documents ; 33 | ||
| 590 | |a Índex | ||
| 650 | |a Barcelona, Comtes de |x Testaments |9 32474 | ||
| 650 | |a Corona catalanoaragonesa |x Reis i sobirans |x S. XII/XV |x Testaments |9 32475 | ||
| 700 | |a Fundació Noguera |9 70407 | ||
| 901 | |a Arxiu | ||
| 942 | |n 1 | ||
| 952 | |0 0 |1 0 |4 0 |6 H2124 |7 1 |9 45997 |a Arxiu |b Arxiu |d 2016-12-01 |l 0 |o H-2-124 |p 13550 |r 2016-12-01 00:00:00 |w 2016-12-01 |y ARXIU | ||
| 999 | |c 49498 |d 49498 | ||